Personnages historiques au cinéma par images #1 - Statistiques

Statistiques générales
  • Ce quiz a été pris 2 924 fois
  • Le résultat moyen est 11 sur 16
Statistiques - réponses
Par images Hint Réponse % Correct
Elizabeth Taylor Cléopâtre
99%
Joaquin Phoenix Napoléon Bonaparte
99%
Alain Chabat Jules César
98%
Ben Kingsley Mahatma Gandhi
94%
Austin Butler Elvis Presley
93%
Bruno Ganz Adolf Hitler
92%
Willem Dafoe Jésus Christ
92%
Elsa Zylberstein Simone Veil
81%
Daniel Day-Lewis Abraham Lincoln
78%
Ryan Gosling Neil Armstrong
76%
Tom Hulce Wolfgang Amadeus Mozart
68%
Romy Schneider Élisabeth "Sissi" de Wittelsbach
66%
Audrey Tautou Coco Chanel
36%
Val Kilmer Jim Morrison
31%
Colin Firth George VI
30%
Bradley Cooper Leonard Bernstein
9%
Aucun quiz correspondant
Distribution des résultats
% des personnes avec chaque résultat
Percentile par nombre de réponses
Votre historique - résultats
Vous n’avez pas pris ce quiz